Chủ nghĩa xét lại hiện đại trong văn học nghệ thuật ở một số nước
Αποθηκεύτηκε σε:
| Κύριος συγγραφέας: | |
|---|---|
| Μορφή: | Βιβλίο |
| Γλώσσα: | Undetermined |
| Έκδοση: |
Hà Nội
Trường Đại học Tổng hợp Hà Nội
1974
|
| Θέματα: | |
| Ετικέτες: |
Προσθήκη ετικέτας
Δεν υπάρχουν, Καταχωρήστε ετικέτα πρώτοι!
|
| Thư viện lưu trữ: | Trung tâm Học liệu Trường Đại học Cần Thơ |
|---|
| LEADER | 00603nam a2200169Ia 4500 | ||
|---|---|---|---|
| 001 | CTU_9245 | ||
| 008 | 210402s9999 xx 000 0 und d | ||
| 082 | |a 801.95 | ||
| 082 | |b Nh300c | ||
| 100 | |a Hoàng Xuân Nhị | ||
| 245 | 0 | |a Chủ nghĩa xét lại hiện đại trong văn học nghệ thuật ở một số nước | |
| 245 | 0 | |c Hoàng Xuân Nhị | |
| 260 | |a Hà Nội | ||
| 260 | |b Trường Đại học Tổng hợp Hà Nội | ||
| 260 | |c 1974 | ||
| 650 | |a literature - history and criticism | ||
| 980 | |a Trung tâm Học liệu Trường Đại học Cần Thơ | ||